000 00299nam a22001337a 4500
008 170905b xxu||||| |||| 00| 0 eng d
020 _a2900534551925
041 _aeng
080 _a070
100 _a40
101 _aMED
245 _aGONTIDENT PUBLIC SPEAKING
_cSELLNOW.D.D
942 _2udc
_cBK
999 _c26162
_d26162